List of demonyms for the United Kingdom - Statistics

General Stats
  • This quiz has been taken 11 times
  • The average score is 26 of 113
Answer Stats
Hint Answer % Correct
Brighton Brightonian
90%
Bedford Bedfordian
80%
Belgravia Belgravian
80%
Bristol Bristolian
80%
Birmingham Brummie
80%
Cumbria Cumbrian / Cumberlander
80%
Avon Avonian
70%
Bradford Bradfordian
70%
Devon Devonian, Devonite
70%
Liverpool Liverpudlian
70%
London Londoner
70%
Preston Prestonian
70%
Cornwall Cornish (man or woman)
60%
Glasgow Glaswegian
60%
Lancaster Lancastrian
60%
Manchester Mancunian
60%
Ripon Riponer / Riponian
60%
Runcorn Runcornian
60%
Oswestry Oswestrian
50%
Penzance Penzancian
50%
Rochdale Rochdalian
50%
Carlisle Carlislian
40%
Chelmsford Chelmsfordian
40%
Fife Fifer
40%
Forfar Forfarian
40%
Northumbria Northumbrian
40%
Portsmouth Portsmouthian
40%
Richmond, North Yorkshire Richmondian
40%
Telford Telfordian
40%
Aberdeen Aberdonian
30%
Barrow-in-Furness Barrovian
30%
Coventry Coventrian
30%
Darlington Darlingtonian
30%
Doncaster Doncastrian
30%
Dorset Dorsetian
30%
Market Drayton Draytonian
30%
Dundee Dundonian
30%
Lincoln Lincolnian / Lindunian
30%
Orkney Islands Orcadian / Orkney Islander / Orkneyan
30%
Shetland Islands Shetlander
30%
Tadcaster Tadcastrian
30%
Ulverston Ulverstonian
30%
Belfast Belfastian
20%
Biggleswade Biggleswadian
20%
Bournemouth Bournemouthian
20%
Cardiganshire Cardi
20%
Cardiff Cardiffian
20%
Coalville Coalvillian
20%
Edinburgh Edinburgher
20%
Essex Essexian
20%
Huddersfield Huddersfieldian
20%
Sheffield Sheffielder
20%
Southampton Sotonian / Southamptonian
20%
Stockton-on-Tees Stocktonian
20%
Stratford-upon-Avon Stratfordian
20%
Whitby Whitbian
20%
Yorkshire Yorkshireman / Yorkshirewoman
20%
Aberystwyth Aberystwythian
10%
Congleton Congletonian
10%
Herefordshire Herefordian
10%
Hertfordshire Hertfordian
10%
Humberside Humbersider
10%
Ingleton Ingletonian
10%
Inverness Invernesian / Invernessian
10%
Kent Kentish Man / Man of Kent
10%
Leeds Loiner / Leodensian
10%
Norfolk Norfolkian
10%
Nottingham Nottinghamian
10%
Oban Obanite
10%
Peterborough Peterborian
10%
Shropshire Salopian
10%
Scarborough Scarborian
10%
Truro Truronian
10%
Argyll Argathelian
0%
Armagh Armachian
0%
Barnstaple Barumite
0%
Bath Bathonian
0%
Berkshire Berkshireman / Berkshirewoman
0%
Buckinghamshire Bucksian
0%
Cambridge Cantabrigian
0%
Chester Cestrian
0%
Chichester Cicestrian
0%
Clitheroe Clitheronian
0%
Coleraine Colerainers / Colerainians
0%
Derbyshire Darbyite, Darbian
0%
Durham Dunelmian
0%
Exeter Exonian
0%
Galloway Gallovidian / Galwegian
0%
Halifax Haligonian
0%
Hampshire Hantsian
0%
Harrogate Harrogatonian
0%
Hartlepool Hartlepudlian
0%
Kingston upon Hull Hullensian
0%
Middlesbrough Middlesbroughian
0%
Norwich Norvician
0%
Newcastle Novocastrian
0%
Oxford Oxonian
0%
Slough Paludin
0%
Pickering Pickeronian
0%
Plymouth Plymothian
0%
Pontefract Pomfretian
0%
Putney Putneyite
0%
Ramsgate Ramsgatonian
0%
Isles of Scilly Scillonian
0%
Selby Selebian
0%
Solihull Silhillian
0%
Stockport Stopfordian
0%
Swansea Swansean
0%
Torquay Torquinian
0%
Isle of Wight Vectian
0%
Wrexham Wrexhamite
0%
Wolverhampton Wulfrunian
0%
Wythenshawe Wythenshavian
0%
No matching quizzes found
Score Distribution
Percent of People with Each Score
Percentile by Number Answered
Your Score History
You have not taken this quiz